[Event "12. Longericher Sommer-Open A"]
[Site "Köln"]
[Date "2015.08.02"]
[Round "4.2"]
[White "van der Valk, Niklas"]
[Black "Heinert, Eugen"]
[Result "1-0"]
[WhiteElo "2129"]
[BlackElo "2183"]
[PlyCount "61"]
[EventDate "2015.??.??"]
[WhiteTeam "Godesberger SK"]
[BlackTeam "OSC Rheinhausen"]

1. d4 d5 2. c4 c6 3. e3 Nf6 4. Nf3 Bf5 5. Nc3 e6 6. Nh4 Bg6 7. Be2 Bd6 8. g3
Nbd7 9. O-O Qe7 10. b3 Rd8 11. Bb2 O-O 12. Nxg6 hxg6 13. f4 Ne4 14. Nxe4 dxe4
15. Qc2 f5 16. Rad1 g5 17. d5 gxf4 18. dxe6 Nc5 19. gxf4 Nxe6 20. Kh1 Bc5 21.
Qc3 Bb4 22. Qc1 a5 23. c5 Bxc5 24. Bc4 Rxd1 25. Rxd1 b6 26. Rg1 Rf7 27. Rg6 Qh4
28. Bxe6 Qh5 29. Rxg7+ Kf8 30. Rxf7+ Ke8 31. Qf1 1-0

[Event "12. Longericher Sommer-Open A"]
[Site "Köln"]
[Date "2015.08.02"]
[Round "4.3"]
[White "Whitmire, James David"]
[Black "Khanukov, Boris"]
[Result "0-1"]
[WhiteElo "1940"]
[BlackElo "2322"]
[PlyCount "44"]
[EventDate "2015.??.??"]
[WhiteTeam "PTSVAachen"]
[BlackTeam "Bahn-SC Wuppertal"]

1. d4 Nf6 2. Nf3 e6 3. e3 c5 4. Bd3 Nc6 5. O-O Qc7 6. Nbd2 Nb4 7. Bc4 d5 8.
Bb5+ Bd7 9. Bxd7+ Qxd7 10. Ne5 Qc7 11. c3 Nc6 12. Qa4 Bd6 13. f4 O-O 14. a3 Ne7
15. b4 cxb4 16. cxb4 Qc3 17. Qb3 Rfc8 18. Qxc3 Rxc3 19. Ndf3 Ne4 20. Re1 f6 21.
Ng4 Rc2 22. Rd1 h5 0-1

[Event "12. Longericher Sommer-Open A"]
[Site "Köln"]
[Date "2015.08.02"]
[Round "4.4"]
[White "Rotstein, Jefim"]
[Black "Statz, Samuel"]
[Result "1/2-1/2"]
[WhiteElo "2320"]
[BlackElo "1957"]
[PlyCount "109"]
[EventDate "2015.??.??"]
[WhiteTeam "SC Tornado Hochneukirch"]
[BlackTeam "SV Erftstadt"]

1. d4 d5 2. Nf3 Nf6 3. e3 e6 4. Bd3 c5 5. O-O Bd6 6. b3 O-O 7. Bb2 b6 8. Nbd2
Bb7 9. Ne5 Ne4 10. Nxe4 dxe4 11. Be2 Bxe5 12. dxe5 Nc6 13. Qxd8 Rfxd8 14. Rfd1
Nb4 15. a3 Ba6 16. Kf1 Bxe2+ 17. Kxe2 Nc6 18. f3 exf3+ 19. gxf3 Kf8 20. Rd6
Rxd6 21. exd6 Rd8 22. Rd1 e5 23. b4 cxb4 24. axb4 f6 25. Bc3 b5 26. f4 exf4 27.
exf4 Kf7 28. f5 g6 29. fxg6+ hxg6 30. d7 Ke6 31. Bxf6 Rxd7 32. Rxd7 Kxd7 33.
Bc3 Ke6 34. Kd3 Kd5 35. h3 a6 36. h4 Ne7 37. Bf6 Nf5 38. c3 Nd6 39. Ke3 Nc4+
40. Kf4 Ke6 41. Kg5 Kf7 42. Bd4 a5 43. bxa5 Nxa5 44. Kf4 Ke6 45. Ke4 Nc6 46.
Bc5 Ne5 47. Bf2 Nc6 48. Bc5 Ne5 49. Bd4 Nc6 50. Bg7 Kd6 51. Bh6 Ke6 52. Bf4 Ne7
53. Bg3 Nc6 54. Bf2 b4 55. cxb4 1/2-1/2

[Event "12. Longericher Sommer-Open A"]
[Site "Köln"]
[Date "2015.08.02"]
[Round "4.5"]
[White "Hertling, Jürgen"]
[Black "Lenhardt, Manfred"]
[Result "1/2-1/2"]
[WhiteElo "1890"]
[BlackElo "2102"]
[PlyCount "71"]
[EventDate "2015.??.??"]
[WhiteTeam "SF Köln-Mülheim"]
[BlackTeam "SC Weisse Dame (Berlin)"]

1. d4 g6 2. Nf3 Bg7 3. c4 Nf6 4. Nc3 d5 5. Qb3 dxc4 6. Qxc4 c6 7. e4 O-O 8. e5
Nd5 9. Be2 Nb6 10. Qb3 Be6 11. Qc2 N8d7 12. O-O Rc8 13. Rd1 Qc7 14. Ng5 c5 15.
Nxe6 fxe6 16. Nb5 Qb8 17. Qb3 cxd4 18. Qxe6+ Kh8 19. Nxd4 Nc5 20. Qh3 Qxe5 21.
Be3 Bf6 22. Bg4 Rcd8 23. Rac1 Ne4 24. Ne6 Rxd1+ 25. Rxd1 Re8 26. Bd4 Qa5 27.
Bxf6+ Nxf6 28. Qh6 Rg8 29. Ng5 Rg7 30. Be6 Nbd5 31. Nf7+ Kg8 32. Ng5+ Kh8 33.
Rc1 Nc7 34. Nf7+ Kg8 35. Ng5+ Kh8 36. Nf7+ 1/2-1/2

[Event "12. Longericher Sommer-Open A"]
[Site "Köln"]
[Date "2015.08.02"]
[Round "4.6"]
[White "Tochtenhagen, Wolfgang"]
[Black "Suvorov, Alexander"]
[Result "1/2-1/2"]
[WhiteElo "2091"]
[BlackElo "1940"]
[PlyCount "46"]
[EventDate "2015.??.??"]
[WhiteTeam "DJK Aufwärts Aachen"]
[BlackTeam "SG Porz"]

1. e4 c6 2. d4 d5 3. e5 Bf5 4. Nc3 e6 5. g4 Bg6 6. Nge2 c5 7. Be3 Nc6 8. h4 h6
9. Nf4 Bh7 10. Bb5 Qc7 11. Bxc6+ bxc6 12. dxc5 Qxe5 13. Nd3 Bxd3 14. cxd3 Qc7
15. Qa4 Ne7 16. O-O-O g6 17. Bf4 Qb7 18. Be5 Rg8 19. Qd4 h5 20. f3 Bh6+ 21. Bf4
Bg7 22. Be5 Bh6+ 23. Bf4 Bg7 1/2-1/2

[Event "12. Longericher Sommer-Open A"]
[Site "Köln"]
[Date "2015.08.02"]
[Round "4.7"]
[White "Berkle, Pascal"]
[Black "Evers, Leo"]
[Result "1-0"]
[WhiteElo "1857"]
[BlackElo "2085"]
[PlyCount "81"]
[EventDate "2015.??.??"]
[WhiteTeam "SV Erftstadt"]
[BlackTeam "SG Porz"]

1. d4 Nf6 2. c4 c5 3. d5 b5 4. Nd2 Qa5 5. e4 d6 6. Ngf3 Nbd7 7. Qc2 g6 8. b3
Bg7 9. Bb2 O-O 10. Bc3 Qc7 11. Be2 b4 12. Bb2 a5 13. O-O Ne5 14. Nxe5 dxe5 15.
Nf3 Nh5 16. Ne1 Nf4 17. Nd3 Nxd3 18. Bxd3 Bd7 19. a3 Rfd8 20. axb4 axb4 21.
Rxa8 Rxa8 22. Ra1 Rxa1+ 23. Bxa1 Qa7 24. Qb1 f6 25. Bb2 Bh6 26. Qa1 Qxa1+ 27.
Bxa1 Bc1 28. Kf1 Kg7 29. Ke1 Kh6 30. Kd1 Ba3 31. f4 exf4 32. e5 Kg7 33. e6 Be8
34. Kc2 h5 35. Bd4 g5 36. Bxc5 Kf8 37. Bb6 g4 38. c5 h4 39. c6 f3 40. gxf3 g3
41. Bg1 1-0

[Event "12. Longericher Sommer-Open A"]
[Site "Köln"]
[Date "2015.08.02"]
[Round "4.8"]
[White "Liedmann, Dennis"]
[Black "Kuhn, Andreas"]
[Result "1-0"]
[WhiteElo "2085"]
[BlackElo "1938"]
[PlyCount "59"]
[EventDate "2015.??.??"]
[WhiteTeam "SF Gerresheim"]
[BlackTeam "SG Niederkassel"]

1. d4 d6 2. Nf3 Nf6 3. Bf4 g6 4. e3 Bg7 5. Be2 O-O 6. h3 Nfd7 7. O-O e5 8. Bh2
Nc6 9. c4 f5 10. Nc3 Kh8 11. Rc1 b6 12. dxe5 Ndxe5 13. Qd5 Bd7 14. Rfd1 Qe7 15.
a3 Be6 16. Nxe5 Bxd5 17. Nxd5 Qd8 18. Nxc6 Qd7 19. Nd4 c5 20. Nb5 Bxb2 21. Rc2
Be5 22. Bxe5+ dxe5 23. Ndc7 Qf7 24. Nxa8 Rxa8 25. e4 f4 26. Rd5 a6 27. Nc3 Re8
28. Rb2 Qf6 29. Na4 Rb8 30. Nxc5 1-0

[Event "12. Longericher Sommer-Open A"]
[Site "Köln"]
[Date "2015.08.02"]
[Round "4.10"]
[White "Köllner, Christof"]
[Black "Engel, Johann"]
[Result "1-0"]
[WhiteElo "2011"]
[BlackElo "1784"]
[PlyCount "53"]
[EventDate "2015.??.??"]
[WhiteTeam "SV Bergneustadt/Derschlag"]
[BlackTeam "Brühler SK"]

1. d4 Nf6 2. Nf3 g6 3. Nbd2 Bg7 4. e4 d6 5. c3 O-O 6. Bc4 Nbd7 7. O-O e5 8. Qb3
c5 9. dxe5 Nxe5 10. Nxe5 dxe5 11. Rd1 Qc7 12. f3 Nd7 13. Bd5 Nb6 14. Nc4 Nxc4
15. Qxc4 Bd7 16. a4 Rac8 17. Bg5 Be8 18. a5 b5 19. axb6 axb6 20. Ra6 Bc6 21.
Rda1 Bxd5 22. Qxd5 Qc6 23. Be7 Qxd5 24. exd5 Rfe8 25. d6 Rb8 26. Rd1 Rxe7 27.
dxe7 1-0

[Event "12. Longericher Sommer-Open A"]
[Site "Köln"]
[Date "2015.08.02"]
[Round "4.11"]
[White "Suvorov, Luca"]
[Black "Lambertz, Michael"]
[Result "0-1"]
[WhiteElo "1812"]
[BlackElo "1999"]
[PlyCount "102"]
[EventDate "2015.??.??"]
[WhiteTeam "SG Porz"]
[BlackTeam "SF Esch"]

1. d4 Nf6 2. c4 e6 3. Nf3 b6 4. a3 Bb7 5. Nc3 Be7 6. d5 d6 7. e4 e5 8. Be2 O-O
9. O-O Bc8 10. Ne1 Ne8 11. Bg4 f5 12. Bxf5 Bxf5 13. exf5 Rxf5 14. Ne4 Nd7 15.
b4 a5 16. Be3 Rf8 17. Nf3 h6 18. Rc1 axb4 19. axb4 Nef6 20. Nxf6+ Nxf6 21. h3
Qe8 22. Qc2 Nh5 23. Ne1 Nf4 24. Nd3 Qh5 25. Bxf4 exf4 26. f3 Bf6 27. Qf2 Qf5
28. Rfd1 Ra3 29. Ne1 Rfa8 30. c5 bxc5 31. bxc5 R8a5 32. cxd6 cxd6 33. Qd2 R5a4
34. Nc2 Ra2 35. Qd3 Qxd3 36. Rxd3 Rc4 37. Rd2 Bd8 38. Kf1 Bb6 39. Ke2 Be3 40.
Kd1 Bxd2 41. Kxd2 Rc5 42. Kd3 Rxd5+ 43. Nd4 Rxg2 44. Rc8+ Kh7 45. Rc7 Rg3 46.
Ke4 Rxd4+ 47. Kxd4 Rxf3 48. Ke4 Rxh3 49. Kxf4 Rd3 50. Rd7 Kg6 51. Ke4 Rd1 0-1

[Event "12. Longericher Sommer-Open A"]
[Site "Köln"]
[Date "2015.08.02"]
[Round "4.12"]
[White "Pislaru, Adrian"]
[Black "Gutt, Oswald"]
[Result "1-0"]
[WhiteElo "1721"]
[BlackElo "2008"]
[PlyCount "60"]
[EventDate "2015.??.??"]
[WhiteTeam "SG Porz"]
[BlackTeam "Bergische SF"]

1. Nf3 Nf6 2. c4 b6 3. g3 Bb7 4. Bg2 e6 5. O-O c5 6. Nc3 Be7 7. e3 O-O 8. d4 d5
9. Ne5 Nbd7 10. f4 Rc8 11. Qa4 a6 12. Nxd7 Nxd7 13. cxd5 b5 14. Qd1 b4 15. dxe6
Bxg2 16. Kxg2 fxe6 17. Ne2 c4 18. d5 exd5 19. Qxd5+ Kh8 20. Nd4 Nf6 21. Qf3 Qb6
22. Rd1 Rfd8 23. g4 Rc5 24. g5 Ng8 25. Bd2 c3 26. bxc3 bxc3 27. Be1 Qb2+ 28.
Qf2 Bxg5 29. Ne6 Rxd1 30. Bxc3 Bh4 1-0

[Event "12. Longericher Sommer-Open A"]
[Site "Köln"]
[Date "2015.08.02"]
[Round "4.13"]
[White "Lindam, Ingo"]
[Black "Hajek, Florian"]
[Result "1-0"]
[WhiteElo "2053"]
[BlackElo "1870"]
[PlyCount "91"]
[EventDate "2015.??.??"]
[WhiteTeam "Kölner SK Dr. Lasker"]
[BlackTeam "Pulheimer SC"]

1. d4 d5 2. Nf3 Nf6 3. c4 c6 4. Qc2 g6 5. Bf4 Bg7 6. e3 Bf5 7. Qb3 Qb6 8. c5
Qxb3 9. axb3 Nbd7 10. h3 O-O 11. b4 a6 12. Nbd2 Ne4 13. Nb3 Rfe8 14. g4 Be6 15.
Na5 Ra7 16. Be2 h6 17. O-O f5 18. g5 hxg5 19. Nxg5 Nxg5 20. Bxg5 Nf6 21. Bf4
Kf7 22. Bc7 Bc8 23. b5 cxb5 24. Bb6 Ra8 25. c6 bxc6 26. Nxc6 Nd7 27. Nd8+ Kf6
28. Ba5 Nf8 29. Bc7 Rxd8 30. Bxd8 Bd7 31. Bc7 Kf7 32. Rfc1 Ne6 33. Bb6 Bf6 34.
Bf3 Rh8 35. Bxd5 Kg7 36. Rxa6 Ng5 37. Rc7 Nxh3+ 38. Kg2 Be8 39. Bc5 Bf7 40.
Bxf7 Kxf7 41. Raa7 f4 42. Bxe7 f3+ 43. Kg3 Ng5 44. Bxf6+ Kxf6 45. Ra6+ Kf5 46.
Rc5+ 1-0

[Event "12. Longericher Sommer-Open A"]
[Site "Köln"]
[Date "2015.08.02"]
[Round "4.14"]
[White "Speck, Stefan"]
[Black "Baltic, Fatih"]
[Result "1/2-1/2"]
[WhiteElo "2041"]
[BlackElo "1843"]
[PlyCount "65"]
[EventDate "2015.??.??"]
[WhiteTeam "SC Solingen 28"]
[BlackTeam "SG Porz"]

1. e4 c5 2. Nf3 e6 3. d4 cxd4 4. Nxd4 a6 5. Nc3 Qc7 6. Be3 Bb4 7. Bd2 Bc5 8.
Nb3 Be7 9. Bd3 Nf6 10. Qe2 d6 11. f4 Nc6 12. g4 b5 13. Be3 Bb7 14. g5 Nd7 15.
h4 Nc5 16. Qf2 Nb4 17. Nxc5 dxc5 18. Bf1 Nc6 19. Bg2 Nd4 20. O-O Rd8 21. Rad1
f6 22. Rd2 O-O 23. Ne2 fxg5 24. hxg5 Bxg5 25. Bxd4 cxd4 26. Rxd4 Rxd4 27. Qxd4
Bxf4 28. Nxf4 Rxf4 29. Rxf4 Qxf4 30. Qd7 Qf7 31. Qd8+ Qf8 32. Qc7 Qf7 33. Qd8+
1/2-1/2

[Event "12. Longericher Sommer-Open A"]
[Site "Köln"]
[Date "2015.08.02"]
[Round "4.15"]
[White "Schwark, Mario"]
[Black "Theißen, Frank"]
[Result "1-0"]
[WhiteElo "1958"]
[BlackElo "1796"]
[PlyCount "99"]
[EventDate "2015.??.??"]
[WhiteTeam "SG Kalker/Deutzer"]
[BlackTeam "TV Borken"]

1. d4 d5 2. Nf3 Nf6 3. c4 e6 4. Bg5 Be7 5. Nc3 c6 6. e3 Nbd7 7. Bd3 O-O 8. Rc1
dxc4 9. Bxc4 b5 10. Bb3 Bb7 11. O-O Rc8 12. a3 a6 13. Ne5 c5 14. Nxd7 Nxd7 15.
Bxe7 Qxe7 16. d5 exd5 17. Bxd5 Nf6 18. Bxb7 Qxb7 19. Qc2 Rfd8 20. Rfd1 Qe7 21.
e4 b4 22. Nd5 Nxd5 23. Rxd5 Rxd5 24. exd5 a5 25. Rd1 Rd8 26. Qd2 Qd6 27. Qd3
Rb8 28. Qc4 Rb7 29. g3 Rb8 30. h4 h5 31. axb4 Rxb4 32. Qe2 g6 33. Qe8+ Kg7 34.
Rd2 Rb8 35. Qa4 Ra8 36. b3 Rb8 37. Rd3 Ra8 38. Qa1+ Kg8 39. Qa4 Kg7 40. Qe4 Rb8
41. Kg2 Rb4 42. Qe8 Rxb3 43. Rxb3 Qxd5+ 44. Rf3 c4 45. Qe3 a4 46. Qc3+ Kg8 47.
Kh2 Qc5 48. Re3 Qb5 49. Re4 Qc5 50. Re8+ 1-0

[Event "12. Longericher Sommer-Open A"]
[Site "Köln"]
[Date "2015.08.02"]
[Round "4.16"]
[White "Alexopoulos, Spiros Orestis"]
[Black "Kemper, Horst"]
[Result "1/2-1/2"]
[WhiteElo "1929"]
[BlackElo "1782"]
[PlyCount "48"]
[EventDate "2015.??.??"]
[WhiteTeam "Aachener SV"]
[BlackTeam "SV Bayer Dormagen"]

1. c4 g6 2. g3 Bg7 3. Bg2 d6 4. Nc3 Nc6 5. e4 Be6 6. d3 Qc8 7. Nge2 Bh3 8. O-O
Bxg2 9. Kxg2 Nf6 10. Nd5 e6 11. Nxf6+ Bxf6 12. f4 Bg7 13. f5 Qd7 14. f6 Bf8 15.
Be3 h5 16. Qd2 d5 17. exd5 exd5 18. Nf4 dxc4 19. dxc4 O-O-O 20. Qxd7+ Rxd7 21.
Rad1 Bd6 22. c5 Be5 23. Rxd7 Kxd7 24. Rd1+ Kc8 1/2-1/2

[Event "12. Longericher Sommer-Open A"]
[Site "Köln"]
[Date "2015.08.02"]
[Round "4.17"]
[White "Gelsok, Philipp"]
[Black "Stier, Artem"]
[Result "0-1"]
[WhiteElo "1871"]
[BlackElo "2052"]
[PlyCount "78"]
[EventDate "2015.??.??"]
[WhiteTeam "Bergische SF"]
[BlackTeam "Godesberger SK"]

1. Nf3 d5 2. c4 e6 3. d4 c6 4. b3 f5 5. g3 Nf6 6. Bg2 Bd6 7. O-O O-O 8. Ba3 b6
9. Bxd6 Qxd6 10. Nbd2 Nbd7 11. Qc2 Bb7 12. Qb2 f4 13. Ne5 fxg3 14. hxg3 c5 15.
Ndf3 Rac8 16. Rfd1 Qe7 17. Rac1 Rfd8 18. Qa3 Rc7 19. Rd3 dxc4 20. Rxc4 Nxe5 21.
Nxe5 Bd5 22. Bxd5 exd5 23. Rc2 Rdc8 24. Qa4 Qe6 25. Kg2 Qf5 26. Rdc3 Qe6 27.
Nf3 Ne4 28. Re3 Qf6 29. dxc5 bxc5 30. Qa5 h6 31. Rd3 Qf7 32. e3 Qf5 33. Nh4 Qe6
34. Rd1 Rf7 35. Qe1 Rcf8 36. f3 Ng5 37. Rf2 Qh3+ 38. Kg1 Qxg3+ 39. Ng2 Nh3+ 0-1

[Event "12. Longericher Sommer-Open A"]
[Site "Köln"]
[Date "2015.08.02"]
[Round "4.18"]
[White "Meyer, Stefan"]
[Black "Rokitta, Uwe"]
[Result "0-1"]
[WhiteElo "1782"]
[BlackElo "1981"]
[PlyCount "112"]
[EventDate "2015.??.??"]
[WhiteTeam "SV Grevenbroich"]
[BlackTeam "SF Lohmar"]

1. d4 Nf6 2. c4 c5 3. d5 b5 4. cxb5 a6 5. bxa6 g6 6. Nc3 Bxa6 7. e4 Bxf1 8.
Kxf1 d6 9. g3 Bg7 10. Kg2 O-O 11. Nf3 Nbd7 12. Re1 Qa5 13. Qc2 Ng4 14. Rb1 Rfb8
15. Bd2 Qa6 16. b3 Nge5 17. Nxe5 Nxe5 18. a4 Nd3 19. Rf1 Nb4 20. Qc1 Qd3 21.
Rd1 Bxc3 22. Qxc3 Qxe4+ 23. Kg1 Nxd5 24. Qa1 Qf3 25. Qa2 Rb7 26. a5 Nc3 27.
Bxc3 Qxc3 28. a6 Rba7 29. Qe2 Qb4 30. h4 Qb6 31. Ra1 Qc6 32. Rdc1 e6 33. b4 Rb8
34. Rab1 Qxa6 35. Qxa6 Rxa6 36. bxc5 Rxb1 37. Rxb1 dxc5 38. Rc1 Rc6 39. f4 Kf8
40. Kf2 Ke7 41. Ke3 Kd7 42. Ke4 f6 43. Rc3 Kc7 44. Kd3 Rd6+ 45. Ke3 Kc6 46. Ra3
Kb5 47. Ra7 c4 48. Rxh7 Rd3+ 49. Kf2 c3 50. Rc7 Kb4 51. g4 Kb3 52. Rb7+ Ka2 53.
Ra7+ Kb2 54. Rb7+ Kc1 55. Ke2 Rd2+ 56. Ke1 Rb2 0-1

[Event "12. Longericher Sommer-Open A"]
[Site "Köln"]
[Date "2015.08.02"]
[Round "4.19"]
[White "Maczkowiak, Thomas"]
[Black "Jörres, Till"]
[Result "0-1"]
[WhiteElo "1942"]
[BlackElo "1767"]
[PlyCount "48"]
[EventDate "2015.??.??"]
[WhiteTeam "MS Halver-Schalksmühle"]
[BlackTeam "Aachener SV"]

1. Nf3 d5 2. c4 e6 3. g3 Nf6 4. Bg2 c5 5. O-O Nc6 6. cxd5 exd5 7. d4 Be7 8.
dxc5 Bxc5 9. Bg5 Be7 10. Nd4 h6 11. Bf4 O-O 12. Nc3 a6 13. Rc1 Bd6 14. Bxd6
Qxd6 15. Nxd5 Nxd5 16. e4 Bg4 17. Nf3 Rad8 18. exd5 Qxd5 19. Qxd5 Rxd5 20. Nh4
Rd2 21. Bxc6 bxc6 22. f3 Bh3 23. Rf2 Rfd8 24. g4 Rd1+ 0-1

[Event "12. Longericher Sommer-Open A"]
[Site "Köln"]
[Date "2015.08.02"]
[Round "4.20"]
[White "Runte, Dirk"]
[Black "Modric, Vladimir"]
[Result "0-1"]
[WhiteElo "1721"]
[BlackElo "1911"]
[PlyCount "54"]
[EventDate "2015.??.??"]
[WhiteTeam "Fideler Bauer Leverkusen"]
[BlackTeam "SC Nied"]

1. e4 e6 2. d4 d5 3. exd5 exd5 4. Bd3 Nc6 5. c3 Bd6 6. Ne2 Qf6 7. Be3 Nh6 8.
Nd2 Ng4 9. Nf3 Nxe3 10. fxe3 Bg4 11. O-O Qh6 12. Nf4 g5 13. Qb3 O-O-O 14. h3
Bxf3 15. Bf5+ Kb8 16. Rxf3 gxf4 17. e4 Ne7 18. c4 Nxf5 19. exf5 Qf6 20. Rd1
dxc4 21. Qxc4 Qxf5 22. d5 Rde8 23. Rb3 b6 24. a4 Qe4 25. Qc6 Rhg8 26. g4 fxg3
27. a5 Qe2 0-1

[Event "12. Longericher Sommer-Open A"]
[Site "Köln"]
[Date "2015.08.02"]
[Round "4.21"]
[White "Karwatzki, Hans-Jürgen"]
[Black "Andrijenko, Anatoliy"]
[Result "0-1"]
[WhiteElo "1689"]
[BlackElo "1902"]
[PlyCount "20"]
[EventDate "2015.??.??"]
[WhiteTeam "SF Stadtverwaltung Bonn"]
[BlackTeam "SF Köln-Longerich"]

1. e4 c5 2. c3 g6 3. d4 cxd4 4. cxd4 Bg7 5. e5 d6 6. f4 dxe5 7. fxe5 Bf5 8. Nc3
e6 9. g4 Qh4+ 10. Kd2 Bh6+ 0-1

[Event "12. Longericher Sommer-Open A"]
[Site "Köln"]
[Date "2015.08.02"]
[Round "4.22"]
[White "Sewald, Kathrin"]
[Black "Renner, Michael"]
[Result "1/2-1/2"]
[WhiteElo "1661"]
[BlackElo "1885"]
[PlyCount "49"]
[EventDate "2015.??.??"]
[WhiteTeam "SG Porz"]
[BlackTeam "Fideler Bauer Leverkusen"]

1. e4 c6 2. d4 d5 3. exd5 cxd5 4. Bd3 Nf6 5. f3 e6 6. Ne2 Be7 7. Ng3 Nc6 8. c3
Bd7 9. f4 Qb6 10. Qe2 Rc8 11. O-O g6 12. Nd2 O-O 13. h3 Bd6 14. Nf3 Ne7 15. Ne5
a6 16. a4 Qd8 17. Nh1 h5 18. Nf2 Kg7 19. g3 Nf5 20. Nh1 Bc6 21. Be3 Rh8 22. h4
Ne4 23. Bxe4 dxe4 24. Nxc6 Rxc6 25. Bf2 1/2-1/2

[Event "12. Longericher Sommer-Open A"]
[Site "Köln"]
[Date "2015.08.02"]
[Round "4.24"]
[White "Esser, Thomas"]
[Black "Köllner, Ruben Gideon"]
[Result "1-0"]
[WhiteElo "2008"]
[BlackElo "1681"]
[PlyCount "113"]
[EventDate "2015.??.??"]
[WhiteTeam "PTSVAachen"]
[BlackTeam "SV Bergneustadt/Derschlag"]

1. d4 d6 2. Nf3 Nf6 3. c4 Nbd7 4. Nc3 e5 5. e4 Be7 6. Be2 O-O 7. O-O Re8 8. Be3
exd4 9. Nxd4 Bf8 10. Qc2 Nc5 11. Bf3 Bg4 12. Bg5 Bxf3 13. Nxf3 h6 14. Bxf6 Qxf6
15. Nd5 Qd8 16. Rfe1 c6 17. Nc3 Qf6 18. Rad1 Ne6 19. Ne2 Rad8 20. Rd2 Qg6 21.
a3 Ng5 22. Nxg5 Qxg5 23. Red1 Qe5 24. Ng3 h5 25. f3 g6 26. Ne2 Qc5+ 27. Kh1 Bh6
28. Rd3 b5 29. b4 Qxc4 30. Rc3 Qe6 31. Nd4 Qd7 32. Nxc6 Rc8 33. Ne7+ Qxe7 34.
Rxc8 Rxc8 35. Qxc8+ Kg7 36. Qc6 Qe5 37. Qxd6 Qc3 38. Qd4+ Qxd4 39. Rxd4 Bc1 40.
Rd3 Kf6 41. Kg1 Ke5 42. Kf2 f6 43. Rd5+ Ke6 44. Rxb5 Bxa3 45. Ke3 Bc1+ 46. Kd3
Bf4 47. Rb7 Bxh2 48. Rxa7 Bd6 49. Ra6 Ke5 50. f4+ Ke6 51. Kd4 Ke7 52. Rxd6 Kxd6
53. e5+ fxe5+ 54. fxe5+ Kc7 55. b5 g5 56. e6 h4 57. b6+ 1-0

[Event "12. Longericher Sommer-Open A"]
[Site "Köln"]
[Date "2015.08.02"]
[Round "4.25"]
[White "Kossack, Philipp"]
[Black "Schumacher, Markus"]
[Result "1-0"]
[WhiteElo "1984"]
[BlackElo "1719"]
[PlyCount "43"]
[EventDate "2015.??.??"]
[WhiteTeam "SG Porz"]
[BlackTeam "Godesberger SK"]

1. d4 Nf6 2. c4 g6 3. Nc3 d5 4. g4 Bxg4 5. Qb3 dxc4 6. Qxb7 Nbd7 7. Nb5 Rc8 8.
Bg2 c5 9. Bf4 e5 10. dxe5 Nh5 11. Bg5 f6 12. exf6 Nhxf6 13. h3 Rb8 14. Nc7+ Kf7
15. Bd5+ Kg7 16. hxg4 h6 17. Ne6+ Kh7 18. Bxf6 Qxf6 19. Qxd7+ Bg7 20. g5 Qxb2
21. Rxh6+ Kg8 22. Nd8+ 1-0

[Event "12. Longericher Sommer-Open A"]
[Site "Köln"]
[Date "2015.08.02"]
[Round "4.26"]
[White "Spindler, Florian"]
[Black "Ringeltaube, Denny"]
[Result "1-0"]
[WhiteElo "1771"]
[BlackElo "1733"]
[PlyCount "101"]
[EventDate "2015.??.??"]
[WhiteTeam "SG Porz"]
[BlackTeam "Klub Kölner SF"]

1. e4 c5 2. Nf3 e6 3. d4 cxd4 4. Nxd4 Nc6 5. Nc3 Nf6 6. Be3 Bb4 7. f3 a6 8. Be2
Qa5 9. Qd2 d5 10. Nb3 Qc7 11. exd5 Nxd5 12. Bc5 Nxc3 13. Bxb4 Nxb4 14. bxc3 Nd5
15. c4 Nf6 16. Rd1 O-O 17. Qd6 Qxd6 18. Rxd6 Bd7 19. Kf2 Ba4 20. Rb6 Bxb3 21.
Rxb3 b5 22. cxb5 axb5 23. Ra1 Rfc8 24. Bd3 Nd5 25. Rxb5 Nf4 26. Be4 Ra3 27. g4
Nd5 28. Rb3 Ra4 29. Bd3 g6 30. a3 Kg7 31. Kg3 g5 32. Bb5 Ra5 33. c4 Nf4 34. a4
Rd8 35. Rb2 h5 36. Rc2 h4+ 37. Kf2 Nd3+ 38. Ke3 Nc5 39. Ra3 f5 40. Rd2 Rxd2 41.
Kxd2 fxg4 42. fxg4 Kf6 43. Kc3 Ra7 44. Kd4 Nb7 45. c5 Ke7 46. Rd3 Ra8 47. Kc4
Kf6 48. c6 Na5+ 49. Kc5 Nxc6 50. Bxc6 Ra5+ 51. Kb6 1-0

[Event "12. Longericher Sommer-Open A"]
[Site "Köln"]
[Date "2015.08.02"]
[Round "4.27"]
[White "Thierkopf, Guido"]
[Black "Gnass, Arno"]
[Result "0-1"]
[WhiteElo "1764"]
[BlackElo "1798"]
[PlyCount "88"]
[EventDate "2015.??.??"]
[WhiteTeam "Brühler SK"]
[BlackTeam "Bergische SF"]

1. e4 c6 2. d4 d5 3. e5 e6 4. Nf3 c5 5. c3 Nc6 6. Be2 Qb6 7. O-O g6 8. dxc5
Bxc5 9. b4 Bf8 10. b5 Nce7 11. Bf4 Bg7 12. Nbd2 h6 13. c4 d4 14. Nb3 g5 15. Bg3
Nf5 16. Nbxd4 Nxg3 17. hxg3 g4 18. c5 Qd8 19. Nh4 Bxe5 20. Qa4 Qxd4 21. Qxd4
Bxd4 22. Rac1 h5 23. Rfd1 Bf6 24. c6 Ne7 25. f3 Nd5 26. fxg4 hxg4 27. Kf2 Bd8
28. Bxg4 Bb6+ 29. Kf3 a6 30. bxa6 Rxa6 31. Rxd5 Ra3+ 32. Ke2 Rxg3 33. Rg5 bxc6
34. Rxc6 Ba6+ 35. Kd1 Rd3+ 36. Kc2 Rxh4 37. Be2 Ra3 38. Bxa6 Rxa2+ 39. Kb3 Rxa6
40. Rb5 Rg4 41. Rcxb6 Rxb6 42. Rxb6 Rxg2 43. Kc4 Rd2 44. Rb7 Kf8 0-1

[Event "12. Longericher Sommer-Open A"]
[Site "Köln"]
[Date "2015.08.02"]
[Round "5.1"]
[White "Kniest, Oliver"]
[Black "van der Valk, Niklas"]
[Result "1-0"]
[WhiteElo "2252"]
[BlackElo "2129"]
[PlyCount "193"]
[EventDate "2015.??.??"]
[WhiteTeam "SG Solingen"]
[BlackTeam "Godesberger SK"]

1. d4 Nf6 2. c4 c5 3. d5 e6 4. Nc3 exd5 5. cxd5 d6 6. Nf3 g6 7. Bf4 a6 8. a4
Bg7 9. h3 O-O 10. e3 Qe7 11. Be2 Nbd7 12. O-O Ne8 13. Nd2 Ne5 14. Bh2 f5 15.
Re1 Rb8 16. f4 Nf7 17. Bd3 Qc7 18. a5 b5 19. axb6 Rxb6 20. Nc4 Rxb2 21. Nxb2
Bxc3 22. Re2 Nf6 23. Qb3 Bb4 24. Bg3 Bb7 25. e4 fxe4 26. Bxe4 Nxe4 27. Rxe4 Nh6
28. Be1 Qf7 29. Rd1 Bxe1 30. Rexe1 Nf5 31. Qb6 Bxd5 32. Qxa6 Bb3 33. Rc1 Qf6
34. Qe2 Nd4 35. Qd3 Be6 36. Rf1 Bf5 37. Qc4+ Kh8 38. Rf2 Re8 39. Rd1 Be6 40.
Qd3 Bb3 41. Rc1 Qe6 42. Kh2 Bd5 43. Nc4 Rb8 44. Nd2 Re8 45. Rb1 Bc6 46. Qc3 Kg8
47. Nb3 Nf5 48. Nd2 Nd4 49. Nb3 Ne2 50. Qd2 Bb5 51. Nxc5 dxc5 52. Rxb5 Nd4 53.
Rb1 Qd6 54. Qc3 Qd5 55. Rc1 Ne6 56. Qc4 Qd6 57. Re1 Qd4 58. Qxd4 cxd4 59. f5
gxf5 60. Rxf5 Kg7 61. Kg3 d3 62. Rd5 Kf6 63. Rxd3 Rg8+ 64. Kf3 Rf8 65. Ke3 Rg8
66. Rf1+ Ke5 67. g4 Ng5 68. h4 Nh3 69. Rf3 Ng1 70. Rg3 Nh3 71. Rxh3 Rxg4 72.
Kf3 Rf4+ 73. Ke2 Ra4 74. Ra3 Rb4 75. Ra5+ Kf4 76. Rha3 Rb2+ 77. Kd3 Kg3 78. Rh5
Rb7 79. Ra4 Rd7+ 80. Rd4 Ra7 81. Rg5+ Kf3 82. Rf5+ Kg3 83. h5 Ra3+ 84. Ke4 Ra7
85. h6 Ra6 86. Rd3+ Kg4 87. Rf4+ Kg5 88. Rg3+ Kh5 89. Rf1 Ra4+ 90. Kd5 Ra5+ 91.
Ke6 Ra6+ 92. Kf7 Kh4 93. Rg7 Ra7+ 94. Kg8 Ra8+ 95. Kxh7 Ra1 96. Rxa1 Kh3 97.
Rh1# 1-0

[Event "12. Longericher Sommer-Open A"]
[Site "Köln"]
[Date "2015.08.02"]
[Round "5.2"]
[White "Heinert, Eugen"]
[Black "Mohaupt, Sascha"]
[Result "1/2-1/2"]
[WhiteElo "2183"]
[BlackElo "2193"]
[PlyCount "84"]
[EventDate "2015.??.??"]
[WhiteTeam "OSC Rheinhausen"]
[BlackTeam "SV Wermelskirchen"]

1. d4 Nf6 2. c4 Nc6 3. Nf3 e6 4. a3 d6 5. Nc3 g6 6. g3 Bg7 7. Bg2 O-O 8. O-O
Re8 9. b4 e5 10. d5 Nd4 11. Ne1 a5 12. bxa5 Rxa5 13. a4 Nd7 14. Ba3 Nc5 15. Bb4
Ra6 16. a5 b6 17. Ra3 bxa5 18. Bxc5 dxc5 19. Nd3 Qe7 20. e3 Nf5 21. Na4 Nd6 22.
Ndxc5 Rb6 23. Nd3 Nxc4 24. Rc3 Ba6 25. Qc1 e4 26. Rxc4 Bxc4 27. Qxc4 exd3 28.
Nxb6 cxb6 29. Qxd3 Be5 30. Qb5 Rb8 31. Rc1 Bd6 32. Rc6 Bc5 33. Bf1 Rd8 34. Bc4
Rd6 35. h4 Rf6 36. Rxf6 Qxf6 37. Qd7 Qe7 38. Qxe7 Bxe7 39. e4 Bd6 40. f4 f6 41.
Kf2 Kf8 42. Bb5 Ke7 1/2-1/2